[Event "Championnat de France - Veterans"]
[Site "Val d'Isere"]
[Date "2002.08.??"]
[Round "1.1"]
[White "Vaisman, Volodia"]
[Black "Pontier, Armand"]
[Result "1-0"]
[WhiteElo "2381"]
[BlackElo "1780"]
[PlyCount "65"]
[EventDate "2002.08.??"]
[SourceDate "2002.08.20"]

1. c4 e5 2. Nc3 d6 3. Nf3 f5 4. d4 e4 5. Bg5 Be7 6. Bxe7 Qxe7 7. Nd5 Qf7 8. Ng5
Qd7 9. e3 c6 10. Nc3 Na6 11. h4 Nf6 12. Qb3 Nc7 13. d5 c5 14. Be2 b6 15. O-O-O
Qe7 16. Nb5 Nxb5 17. cxb5 Bd7 18. Nh3 O-O 19. Nf4 Ng4 20. Bxg4 fxg4 21. Rd2
Rac8 22. Kb1 Qe8 23. h5 Rf6 24. Rh4 Bxb5 25. Rxg4 Rxf4 26. Rxf4 Bd3+ 27. Kc1
Qxh5 28. f3 c4 29. Qc3 Qh1+ 30. Rd1 Qxg2 31. Rg4 Qxg4 32. fxg4 Rf8 33. Qe1 1-0

[Event "Championnat de France - Veterans"]
[Site "Val d'Isere"]
[Date "2002.??.??"]
[Round "1.2"]
[White "Vernadet, Bernard"]
[Black "Weill, Roland"]
[Result "0-1"]
[WhiteElo "1780"]
[BlackElo "2251"]
[PlyCount "100"]
[EventDate "2002.08.??"]
[SourceDate "2002.08.20"]

1. e4 g6 2. Nf3 Bg7 3. d4 d6 4. Bc4 c6 5. Nc3 h6 6. Bf4 e6 7. O-O Ne7 8. a4 b6
9. Qd3 a6 10. Ne2 Bb7 11. c3 Qc7 12. e5 d5 13. Bb3 c5 14. Bc2 Nbc6 15. Qd2 Rc8
16. Rfc1 Na5 17. b3 Nec6 18. h3 Qe7 19. Ng3 cxd4 20. cxd4 Qb4 21. Qd1 O-O 22.
Bd2 Qe7 23. Qe1 f5 24. Rab1 Qf7 25. b4 Nc4 26. Bd3 b5 27. axb5 axb5 28. Ra1 Ra8
29. Bc3 Qe7 30. Bxc4 dxc4 31. Ne2 g5 32. Nh2 Rad8 33. Rd1 Rd5 34. f4 Rfd8 35.
Nf3 g4 36. Nh4 gxh3 37. gxh3 Kh7 38. Nf3 Rg8 39. Kh2 Bf8 40. Qd2 Rd7 41. Rdb1
Nxe5 42. fxe5 Bxf3 43. Ng3 Qh4 44. Qf2 Rdg7 45. Rg1 Bd5 46. Raf1 Be7 47. Bd2
Rg4 48. Bf4 Bxb4 49. Nh1 Qxf2+ 50. Nxf2 Rg2+ 0-1

[Event "Championnat de France - Veterans"]
[Site "Val d'Isere"]
[Date "2002.??.??"]
[Round "1.3"]
[White "Huguet, Bernard"]
[Black "Brixhe, Abel"]
[Result "1-0"]
[WhiteElo "2168"]
[BlackElo "1770"]
[PlyCount "37"]
[EventDate "2002.08.??"]
[SourceDate "2002.08.20"]

1. e4 d6 2. d4 Nf6 3. Nc3 c6 4. f4 h6 5. Nf3 Bg4 6. Be2 e6 7. O-O Be7 8. Be3
O-O 9. Qd2 Qc7 10. h3 Bxf3 11. Bxf3 d5 12. e5 Nfd7 13. g4 Nb6 14. Be2 a6 15. f5
c5 16. Bxh6 cxd4 17. Bxg7 Kxg7 18. f6+ Bxf6 19. exf6+ 1-0

[Event "Championnat de France - Veterans"]
[Site "Val d'Isere"]
[Date "2002.??.??"]
[Round "1.4"]
[White "Colas, Yves"]
[Black "Hoyer, Hans-Gerd"]
[Result "0-1"]
[WhiteElo "1750"]
[BlackElo "2153"]
[PlyCount "56"]
[EventDate "2002.08.??"]
[SourceDate "2002.08.20"]

1. d4 d6 2. c4 Nf6 3. Nc3 g6 4. e4 Bg7 5. Be2 c6 6. Bg5 Qa5 7. Bd2 Qb6 8. Bc1
O-O 9. Nf3 Bg4 10. h3 Bxf3 11. Bxf3 Nfd7 12. d5 Qb4 13. Qb3 Qxb3 14. axb3 Nc5
15. Be3 Nba6 16. dxc6 bxc6 17. Be2 Rab8 18. f3 Nb4 19. Rxa7 Nc2+ 20. Kd2 Nxe3
21. Kxe3 e6 22. Rc7 Rxb3 23. Rxc6 Rxb2 24. Nb5 Bh6+ 25. f4 Rb3+ 26. Kd4 Bxf4
27. Nxd6 Be3+ 28. Ke5 Nd7# 0-1

[Event "Championnat de France - Veterans"]
[Site "Val d'Isere"]
[Date "2002.08.??"]
[Round "1.5"]
[White "Cousin, Philippe"]
[Black "Genete, Guy"]
[Result "1-0"]
[WhiteElo "2138"]
[BlackElo "1750"]
[PlyCount "103"]
[EventDate "2002.08.??"]
[SourceDate "2002.08.20"]

1. d4 d5 2. Nf3 Nf6 3. c4 e6 4. Nc3 Be7 5. g3 c6 6. Bg2 O-O 7. O-O Nbd7 8. b3
Re8 9. Re1 Bb4 10. Bd2 Qc7 11. a3 Bd6 12. c5 Bf8 13. b4 e5 14. dxe5 Nxe5 15.
Nxe5 Qxe5 16. Rc1 Bf5 17. Be3 Rad8 18. Bd4 Qe6 19. f3 Qd7 20. Qd2 h6 21. Rcd1
Bh3 22. Qf4 Bxg2 23. Kxg2 Re6 24. e4 Qe7 25. e5 Nd7 26. Qe3 f6 27. f4 fxe5 28.
fxe5 Re8 29. Re2 Nxe5 30. Rde1 g5 31. Qc1 Nd3 32. Rxe6 Nxc1 33. Rxe7 Rxe7 34.
Rxc1 Bg7 35. Bxg7 Kxg7 36. Kf3 Kf6 37. g4 d4 38. Ne4+ Ke5 39. Nd6 Kd5 40. Nf5
Re6 41. Rd1 Re4 42. Nxh6 Re3+ 43. Kf2 Rh3 44. Nf5 Rxh2+ 45. Kg3 Ra2 46. Rxd4+
Ke5 47. Rd3 Ra1 48. Re3+ Kd5 49. Nd6 Kd4 50. Rf3 Rg1+ 51. Kh3 Rh1+ 52. Kg2 1-0

[Event "Championnat de France - Veterans"]
[Site "Val d'Isere"]
[Date "2002.??.??"]
[Round "2.1"]
[White "Lahuppe, Edmond"]
[Black "Volodia, Vaisman"]
[Result "0-1"]
[WhiteElo "1860"]
[BlackElo "2381"]
[PlyCount "86"]
[EventDate "2002.08.??"]
[SourceDate "2002.08.20"]

1. Nf3 d6 2. d4 Nf6 3. c4 Nbd7 4. Nc3 e5 5. e4 c6 6. Be2 Be7 7. O-O O-O 8. h3
a6 9. Be3 Re8 10. Qc2 Bf8 11. Rad1 Qc7 12. Rd2 b6 13. Rfd1 Bb7 14. Bd3 Rac8 15.
Qb1 b5 16. cxb5 cxb5 17. a3 Qb8 18. Bc2 h6 19. Re2 Ba8 20. Bd2 Nb6 21. b3 Bc6
22. Bd3 Qb7 23. d5 Bd7 24. Rc1 Be7 25. Ree1 Nh5 26. Rc2 Nf4 27. Bf1 g5 28. Rec1
f5 29. Bxf4 exf4 30. Bd3 fxe4 31. Bxe4 Bf6 32. Rd1 Rxc3 33. Rxc3 Bxc3 34. Bh7+
Kh8 35. Nd4 Bxd4 36. Rxd4 Bc8 37. Bg6 Re5 38. Be4 Nd7 39. Qd1 Nf6 40. f3 Bf5
41. Bxf5 Rxf5 42. Qd3 Qb6 43. Kh2 Kg7 0-1

[Event "Championnat de France - Veterans"]
[Site "Val d'Isere"]
[Date "2002.08.??"]
[Round "2.2"]
[White "Weill, Roland"]
[Black "Gibson, John"]
[Result "1-0"]
[WhiteElo "2251"]
[BlackElo "1900"]
[PlyCount "61"]
[EventDate "2002.08.??"]
[SourceDate "2002.08.20"]

1. e4 d6 2. d4 Nf6 3. Nc3 g6 4. Nf3 Bg4 5. Be2 a6 6. O-O b5 7. h3 b4 8. e5 bxc3
9. exf6 Bxf3 10. Bxf3 d5 11. fxe7 Bxe7 12. bxc3 O-O 13. Re1 c6 14. Qd3 Nd7 15.
c4 Nb6 16. cxd5 cxd5 17. Bd2 a5 18. Rab1 Re8 19. Rb5 Qd6 20. Reb1 Bd8 21. Bxa5
Bc7 22. g3 Rxa5 23. Rxa5 Qe6 24. Kg2 h5 25. h4 Rd8 26. Ra6 Rd6 27. a4 Nc4 28.
Rxd6 Nxd6 29. Qc3 Nc4 30. Rb5 Bxg3 31. Bxd5 1-0

[Event "Championnat de France - Veterans"]
[Site "Val d'Isere"]
[Date "2002.??.??"]
[Round "2.3"]
[White "Pelayo, Antoine"]
[Black "Huguet, Bernard"]
[Result "0-1"]
[WhiteElo "1850"]
[BlackElo "2168"]
[PlyCount "65"]
[EventDate "2002.08.??"]
[SourceDate "2002.08.20"]

1. e4 c5 2. Nc3 Nc6 3. g3 g6 4. Bg2 Bg7 5. d3 d6 6. Nge2 e5 7. O-O Nge7 8. f4
f5 9. fxe5 Nxe5 10. Bg5 Nf7 11. Be3 O-O 12. Qd2 Rb8 13. d4 b6 14. Nf4 fxe4 15.
Bxe4 Nf5 16. Bxf5 Bxf5 17. dxc5 dxc5 18. Qg2 Ne5 19. Rad1 Qe8 20. Qd5+ Kh8 21.
Rfe1 Bg4 22. Bf2 Nf3+ 23. Kg2 Nxe1+ 24. Rxe1 Qf7 25. Qg5 Bc8 26. Re7 Bb7+ 27.
Kg1 Qf6 28. Qxf6 Bxf6 29. Rd7 Rfd8 30. Rf7 Bxc3 31. Rxb7 Rxb7 32. bxc3 Rd2 33.
Be3 0-1

[Event "Championnat de France - Veterans"]
[Site "Val d'Isere"]
[Date "2002.08.??"]
[Round "2.4"]
[White "Hoyer, Hans-Gerd"]
[Black "Laval, Hubert"]
[Result "1/2-1/2"]
[WhiteElo "2153"]
[BlackElo "1840"]
[PlyCount "130"]
[EventDate "2002.08.??"]
[SourceDate "2002.08.20"]

1. g3 d5 2. Bg2 c6 3. Nf3 Bf5 4. d3 Nd7 5. O-O e5 6. c3 Ngf6 7. Qb3 Qb6 8. Qa4
Be7 9. Nbd2 O-O 10. Nh4 Be6 11. b4 a5 12. bxa5 Rxa5 13. Qc2 Rfa8 14. Nb3 R5a6
15. Bd2 c5 16. Rfb1 Qc7 17. Nf3 h6 18. h3 Rc8 19. Nc1 c4 20. d4 e4 21. Ne5 Bd6
22. Bf4 Nh5 23. h4 Nxf4 24. gxf4 Bf5 25. e3 Nf6 26. Ne2 Rca8 27. Ng3 Bc8 28. f3
exf3 29. Bxf3 Ra3 30. Rb5 R8a5 31. Rb2 Ra7 32. e4 dxe4 33. Be2 Bxe5 34. fxe5
Nd5 35. Nxe4 Bf5 36. Nf6+ Nxf6 37. Qxf5 Nd5 38. Bf3 Nxc3 39. e6 fxe6 40. Qxe6+
Qf7 41. Qxf7+ Kxf7 42. Bxb7 Rxa2 43. Bd5+ Ke7 44. Raxa2 Nxa2 45. Bxc4 Nc3 46.
Rb3 Nd1 47. Kf1 Ra4 48. Rd3 Rxc4 49. Rxd1 Kd6 50. Ke2 Kd5 51. Ke3 Rc3+ 52. Kf4
Rh3 53. Kg4 Re3 54. h5 Re2 55. Kg3 Re4 56. Rd2 Re7 57. Rd1 Rf7 58. Kg4 Rf2 59.
Kg3 Rf5 60. Kg4 Rg5+ 61. Kh4 Ke4 62. Rd2 Ke3 63. Rd1 Ke2 64. Ra1 Kf3 65. Rf1+
Ke4 1/2-1/2

[Event "Championnat de France - Veterans"]
[Site "Val d'Isere"]
[Date "2002.08.??"]
[Round "2.5"]
[White "Turboust, Roger"]
[Black "Cousin, Philippe"]
[Result "1/2-1/2"]
[WhiteElo "1840"]
[BlackElo "2138"]
[PlyCount "83"]
[EventDate "2002.08.??"]
[SourceDate "2002.08.20"]

1. e4 c6 2. c3 d5 3. exd5 cxd5 4. Bb5+ Bd7 5. Bxd7+ Nxd7 6. d4 Qc7 7. Nf3 Ngf6
8. O-O e6 9. Nbd2 Bd6 10. h3 O-O 11. Re1 Rfe8 12. Nf1 Ne4 13. Be3 f5 14. Ng5
Ndf6 15. Nxe4 Nxe4 16. Qb3 f4 17. f3 Nf6 18. Bf2 g5 19. Nd2 h5 20. c4 Qg7 21.
cxd5 exd5 22. Ne4 Nxe4 23. Qxd5+ Kh8 24. fxe4 Rad8 25. Qb3 g4 26. Qd1 Qg6 27.
hxg4 hxg4 28. d5 g3 29. Bd4+ Be5 30. Bxe5+ Rxe5 31. Qf3 Qb6+ 32. Kf1 Rf8 33.
Re2 Qh6 34. Ke1 Qh1+ 35. Qf1 Qxf1+ 36. Kxf1 Rh5 37. Ree1 f3 38. gxf3 Rh2 39.
Kg1 Rxf3 40. Rf1 Re3 41. Rae1 Rd3 42. Rd1 1/2-1/2

[Event "Championnat de France - Veterans"]
[Site "Val d'Isere"]
[Date "2002.08.??"]
[Round "3.1"]
[White "Vaisman, Volodia"]
[Black "Labarthe, Arnaud"]
[Result "1-0"]
[WhiteElo "2381"]
[BlackElo "2050"]
[PlyCount "73"]
[EventDate "2002.08.??"]
[SourceDate "2002.08.20"]

1. Nf3 Nc6 2. d4 d5 3. Bf4 Bg4 4. e3 e6 5. h3 Bh5 6. c4 Bb4+ 7. Nc3 Nge7 8. Rc1
O-O 9. a3 Bd6 10. Bxd6 Qxd6 11. c5 Qd8 12. Be2 Bxf3 13. Bxf3 f5 14. b4 Ng6 15.
g3 Nce7 16. h4 c6 17. Rb1 Qc7 18. Ne2 f4 19. Nxf4 Nxf4 20. exf4 b6 21. Bg4 Rf6
22. O-O Nf5 23. Re1 bxc5 24. bxc5 Rb8 25. Bxf5 exf5 26. Rxb8+ Qxb8 27. Qd3 Qd8
28. Re5 g6 29. Qa6 Qd7 30. Kg2 Re6 31. Qe2 Rxe5 32. fxe5 Kf7 33. Qe3 Ke6 34.
Qg5 Qf7 35. Qd8 Qb7 36. Qf6+ Kd7 37. e6+ 1-0

[Event "Championnat de France - Veterans"]
[Site "Val d'Isere"]
[Date "2002.08.??"]
[Round "3.2"]
[White "Renault, Jean-Pierre"]
[Black "Weill, Roland"]
[Result "1-0"]
[WhiteElo "1990"]
[BlackElo "2251"]
[PlyCount "48"]
[EventDate "2002.08.??"]
[SourceDate "2002.08.20"]

1. d4 d6 2. Nf3 g6 3. g3 Bg7 4. Bg2 Nd7 5. O-O e5 6. dxe5 dxe5 7. c3 Ngf6 8.
Qc2 O-O 9. Rd1 Qe7 10. Bg5 h6 11. Bc1 Nc5 12. Be3 Ng4 13. Bxc5 Qxc5 14. e4 f5
15. Rd2 fxe4 16. Qxe4 Bf5 {#} 17. Qe1 {
donne l'avantage aux Noirs. Meilleur etait} (17. Qe2 {
qui maintient la position egale, par exemple:} 17... e4 18. Nd4 Rae8 19. Nxf5
gxf5 20. Rd1 $11) 17... Rae8 18. Nh4 e4 19. Nxf5 Rxf5 20. Re2 Ref8 21. Nd2 Nxf2
22. Re3 Ng4 23. Nf1 Rxf1+ 24. Bxf1 Nxe3 1-0

[Event "Championnat de France - Veterans"]
[Site "Val d'Isere"]
[Date "2002.08.??"]
[Round "3.3"]
[White "Huguet, Bernard"]
[Black "Rosenfeld, Imre"]
[Result "0-1"]
[WhiteElo "2168"]
[BlackElo "1990"]
[PlyCount "80"]
[EventDate "2002.08.??"]
[SourceDate "2002.08.20"]

1. c4 e6 2. Nf3 d5 3. e3 Nf6 4. Nc3 Nbd7 5. Be2 c6 6. O-O Bd6 7. d4 O-O 8. Bd2
dxc4 9. Bxc4 e5 10. dxe5 Nxe5 11. Nxe5 Bxe5 12. h3 Bf5 13. Re1 Ne4 14. Nxe4
Bxe4 15. Bc3 Bxc3 {=} 16. bxc3 Qxd1 17. Rexd1 Rfd8 18. Rd4 Rxd4 19. cxd4 Kf8
20. a4 Ke7 21. f3 Bf5 22. e4 Be6 23. Bxe6 Kxe6 24. Kf2 b5 25. axb5 cxb5 26.
Ra6+ Kd7 27. Ke3 Kc7 28. d5 Kb7 29. Ra2 Rc8 30. f4 Kb6 31. e5 a5 32. d6 b4 33.
f5 b3 34. Rb2 a4 {#} 35. d7 Rb8 36. e6 fxe6 37. fxe6 Kc7 38. Rd2 Kd8 39. Rf2
Ke7 40. d8=Q+ Rxd8 0-1

[Event "Championnat de France - Veterans"]
[Site "Val d'Isere"]
[Date "2002.08.??"]
[Round "3.4"]
[White "Luneau, Gilles"]
[Black "Wakselman, Simon"]
[Result "1-0"]
[WhiteElo "1810"]
[BlackElo "2077"]
[PlyCount "56"]
[EventDate "2002.08.??"]
[SourceDate "2002.08.20"]

1. c4 e5 2. Nc3 Nc6 3. a3 a5 4. g3 g6 5. Bg2 Bg7 6. e3 Nge7 7. Nge2 d6 8. O-O
O-O 9. d4 f5 10. d5 Nb8 11. Rb1 g5 12. f4 h6 13. b4 axb4 14. axb4 Ng6 15. Bb2
Nd7 16. Ra1 Rxa1 17. Qxa1 Nb6 18. Qa2 Qe7 19. Bc1 Kh7 20. Kh1 exf4 21. exf4
gxf4 22. Bxf4 Nxf4 23. Rxf4 Bd7 24. Qc2 Nxc4 25. Rxc4 Ra8 26. h4 Ra1+ 27. Kh2
Be5 28. Nf4 Kh8 1-0

[Event "Championnat de France - Veterans"]
[Site "Val d'Isere"]
[Date "2002.08.??"]
[Round "3.5"]
[White "Dubreuil, Remy"]
[Black "Mercier, Pierre"]
[Result "1/2-1/2"]
[WhiteElo "2053"]
[BlackElo "1790"]
[PlyCount "74"]
[EventDate "2002.08.??"]
[SourceDate "2002.08.20"]

1. e4 c5 2. Nf3 d6 3. d4 cxd4 4. Nxd4 Nf6 5. Nc3 a6 6. Be2 e5 7. Nb3 Be7 8. O-O
O-O 9. f4 Qc7 10. f5 b5 11. Bg5 Bb7 12. Bf3 Nbd7 13. Qe2 Rac8 14. Rac1 b4 15.
Nd1 a5 16. c4 a4 17. Nd2 Nc5 18. Nf2 Ba6 19. b3 h6 20. Be3 Rfe8 21. Kh1 Qd7 22.
Rcd1 Qc7 23. Rg1 Bb7 24. Bxc5 dxc5 25. Nf1 axb3 26. axb3 Red8 27. Rxd8+ Rxd8
28. Ne3 Rd4 29. Nc2 Rd6 30. Rf1 Qd8 31. Ne3 Rd4 32. Nd5 Bd6 33. g3 Kf8 34. Qe3
Bxd5 35. cxd5 Qa5 36. Ng4 Nxg4 37. Bxg4 f6 1/2-1/2

[Event "Championnat de France - Veterans"]
[Site "Val d'Isere"]
[Date "2002.08.23"]
[Round "4.1"]
[White "Rosenfeld, Imre"]
[Black "Vaisman, Volodia"]
[Result "1/2-1/2"]
[WhiteElo "1990"]
[BlackElo "2381"]
[PlyCount "80"]
[EventDate "2002.08.??"]
[SourceDate "2002.08.20"]

1. d4 d6 2. Nf3 Bg4 3. g3 Bxf3 4. exf3 g6 5. Bg2 Bg7 6. O-O Nf6 7. Re1 O-O 8.
c3 c6 9. Nd2 Nbd7 10. Ne4 d5 11. Nxf6+ Bxf6 12. f4 e6 13. Be3 a5 14. g4 Kh8 15.
Qf3 Rg8 16. Bf1 b5 17. Bd3 Nb6 18. Rad1 Nc4 19. Bc1 Nd6 20. Kh1 b4 21. f5 gxf5
22. gxf5 Nxf5 23. Bxf5 exf5 24. Qxf5 Rg6 25. Bf4 Qc8 26. Qxc8+ Rxc8 27. Be5
Bxe5 28. Rxe5 bxc3 29. bxc3 Rb8 30. Re2 a4 31. Rg1 a3 32. Rxg6 hxg6 33. Re7 Kg7
34. Ra7 Rb2 35. Rxa3 Rxf2 36. Ra6 f5 37. a4 Ra2 38. Rxc6 Rxa4 39. Kg2 Kh6 40.
Kf3 Ra1 1/2-1/2

[Event "Championnat de France - Veterans"]
[Site "Val d'Isere"]
[Date "2002.08.23"]
[Round "4.2"]
[White "Weill, Roland"]
[Black "Luneau, Gilles"]
[Result "1-0"]
[WhiteElo "2251"]
[BlackElo "1810"]
[PlyCount "54"]
[EventDate "2002.08.??"]
[SourceDate "2002.08.20"]

1. e4 c5 2. Nf3 e6 3. d3 g6 4. g3 Bg7 5. Bg2 Nc6 6. O-O Nge7 7. Re1 d6 8. c3
O-O 9. Nbd2 Rb8 10. Nb3 b6 11. d4 cxd4 12. cxd4 Bb7 13. Bg5 f6 14. Be3 Re8 15.
Rc1 Rc8 16. Bh3 f5 17. Ng5 Qd7 {#} 18. d5 exd5 19. exf5 gxf5 20. Qh5 h6 21.
Qf7+ Kh8 22. Ne6 Rg8 23. Rxc6 Bxc6 24. Nxg7 Rxg7 25. Bd4 Ng8 26. Re7 Qxe7 27.
Bxg7+ Kh7 1-0

[Event "Championnat de France - Veterans"]
[Site "Val d'Isere"]
[Date "2002.08.24"]
[Round "4.3"]
[White "Hoyer, Hans-Gerd"]
[Black "Leray, Jean-Claude"]
[Result "1-0"]
[WhiteElo "2153"]
[BlackElo "1650"]
[PlyCount "57"]
[EventDate "2002.08.??"]
[SourceDate "2002.08.20"]

1. e4 c6 2. d3 d5 3. Nd2 e5 4. h3 Be6 5. Ngf3 Nd7 6. g3 f6 7. Bg2 g6 8. O-O Bg7
9. Re1 Nh6 10. d4 O-O 11. c3 Nf7 12. b3 b5 13. a4 a6 14. h4 dxe4 15. Nxe4 Bd5
16. Ned2 f5 17. dxe5 Ndxe5 18. Qc2 Re8 19. Rd1 Qf6 20. Bb2 b4 21. Rac1 Nxf3+
22. Nxf3 bxc3 23. Bxc3 Qxc3 24. Qxc3 Bxc3 25. Rxc3 Rab8 26. Nd4 Bxg2 27. Kxg2
Ne5 28. Nxc6 Nxc6 29. Rxc6 1-0

[Event "Championnat de France - Veterans"]
[Site "Val d'Isere"]
[Date "2002.08.24"]
[Round "4.4"]
[White "Mercier, Pierre"]
[Black "Cousin, Philippe"]
[Result "0-1"]
[WhiteElo "1790"]
[BlackElo "2138"]
[PlyCount "70"]
[EventDate "2002.08.??"]
[SourceDate "2002.08.20"]

1. d4 Nf6 2. c4 c5 3. d5 e6 4. Nc3 exd5 5. cxd5 d6 6. e4 g6 7. Nf3 Bg7 8. Qa4+
Bd7 9. Qb3 a6 10. Qxb7 O-O 11. Bd3 Bc8 12. Qb3 Nbd7 13. O-O Rb8 14. Qc2 Qc7 15.
Qe2 Re8 16. Nd2 Nb6 17. Bxa6 Nbxd5 18. Nxd5 Nxd5 19. Bxc8 Rbxc8 20. Qc4 Nb6 21.
Qc2 Qc6 22. f3 Bd4+ 23. Kh1 c4 24. Rb1 Qb5 25. Rd1 Qh5 26. Nf1 Bc5 27. Ne3 d5
28. Nxd5 Nxd5 29. Rxd5 Qxd5 30. Bd2 Qh5 31. Bc3 Bd6 32. g4 Qh3 33. Qe2 Be5 34.
Rc1 Bxc3 35. Rxc3 Red8 0-1

[Event "Championnat de France - Veterans"]
[Site "Val d'Isere"]
[Date "2002.08.24"]
[Round "4.5"]
[White "Duval, Michel"]
[Black "Dubreuil, Remy"]
[Result "0-1"]
[WhiteElo "1800"]
[BlackElo "2053"]
[PlyCount "146"]
[EventDate "2002.08.??"]
[SourceDate "2002.08.20"]

1. e4 g6 2. d4 Bg7 3. Nc3 d6 4. Be3 Nf6 5. f3 O-O 6. Qd2 c6 7. Bh6 Qa5 8. Bxg7
Kxg7 9. Bd3 Nbd7 10. Nge2 b5 11. g4 e5 12. h3 a6 13. Nd1 Qxd2+ 14. Kxd2 c5 15.
dxc5 dxc5 16. b3 Nb6 17. Nb2 Rd8 18. Ke3 Be6 19. Ng3 c4 20. bxc4 bxc4 21. Be2
a5 22. a3 Nfd7 23. Rhd1 Kf8 24. h4 Ke7 25. h5 Rdb8 26. hxg6 hxg6 27. Rh1 Nc5
28. Rhd1 Nca4 29. Nxa4 Nxa4 30. Rdb1 Nb2 31. Nf1 Rb6 32. Kf2 Rab8 33. Kg2 c3
34. Ne3 Nc4 35. Nd5+ Bxd5 36. Rxb6 Nxb6 37. exd5 Nxd5 38. Kf2 Rb2 39. Bd3 Nf4
40. Ke3 f6 41. a4 g5 42. Be4 Rb4 43. Kf2 Rd4 44. Ra3 Rd2+ 45. Kf1 Nd5 46. Bxd5
Rxd5 47. Rxc3 Rd4 48. Ra3 Kd6 49. Ke2 Kd5 50. Ke3 Kc5 51. c3 Rf4 52. Ke2 e4 53.
fxe4 Rxe4+ 54. Kf3 Rf4+ 55. Kg3 Kc4 56. Ra1 Kxc3 57. Ra3+ Kb2 58. Rf3 Rxf3+ 59.
Kxf3 Kb3 60. Ke4 Kxa4 61. Kf5 Kb5 62. Kxf6 a4 63. Kxg5 a3 64. Kf6 a2 65. g5
a1=Q+ 66. Kf7 Qa2+ 67. Kg7 Qb2+ 68. Kh7 Qh2+ 69. Kg7 Qe5+ 70. Kh6 Qh8+ 71. Kg6
Qg8+ 72. Kf6 Kc6 73. g6 Kd6 0-1

[Event "Championnat de France - Veterans"]
[Site "Val d'Isere"]
[Date "2002.??.??"]
[Round "?"]
[White "Renault, Jean-Pierre"]
[Black "Weill, Roland"]
[Result "0-1"]
[WhiteElo "1990"]
[BlackElo "2251"]
[Annotator "Roland Weill"]
[PlyCount "48"]
[EventDate "2002.08.??"]
[SourceDate "2002.08.20"]

{O lac suspend ton vol et me donner un baiser. La Republique a son Senat, le
Championnat de France son tournoi Veterans. Atmosphere courtoise et feutree,
mais avec le meme acharnement que dans une cour de creche. La partie suivante,
comme le titre l'indique, s'occupe de la fuite du temps, qui tourmentait le
pauvre Alphonse. Rappelons que les pendules d'echecs n'existaient pas a
l'epoque de Lamartine, de La Bourdonnais, de Lavoisier et de la Grande Armee.
D'ailleurs, il ne s'agit pas ici du temps tic-tac, mais du tempo et des tant
pis pour ceux que cela ennuie. Dans une partie, un adversaire obligeant peut
vous laisser la paire de Fous ou vandaliser sa propre chaine de pions. Dans ce
cas, vous placez votre avantage a la Caisse d'Epargne, et 40 coups plus tard
(ou 60 suivant le taux de croisance, le prix du baril de petrole et le
bellicisme plus ou moins tempere de Bush? Le petit ecureuil vous apporte un
point. Mais, que votre adversaire vous pffre quelques tempi et c'est
l'angoisse. Qu'en faire ? Un avantage fugitif ne pense qu'a prendre la poudre
d'escampette. On est oblige de harceler sans cesse et sans fin (surveillez
votre diction, j'ai une reputation d'autant plus precieuse qu'elle est usurpee
de pere de famille respectable) comme le moustique camargais face au bleme
vacancier, comme le chef de service bedonnant et quinquagenaire recavant la
petite stagiaire en instance de titularisation confrontes a d'insensibles
legislateurs. La j'exagere, seuls les elus qu'une provisoire gene judiciare
empeche de servir la patrie au poste de ministre, ont le coeur aussi dur. Bref,
c'est du boulot, jugez plutot. Genre d'Est-Indienne} 1. d4 d6 2. Nf3 g6 3. g3
Bg7 4. Bg2 Nd7 5. O-O e5 6. dxe5 {Le Fg7 fronce le nez.} 6... dxe5 7. c3 {
Le Fg7 boude et va regarder sans bouger jusqu'a la fin. Mais la Dame noire se
frotte les mains, elle peut bouger en economisant c6.} 7... Ngf6 8. Qc2 O-O 9.
Rd1 Qe7 10. Bg5 h6 11. Bc1 Nc5 12. Be3 Ng4 13. Bxc5 Qxc5 {
La voila, la vie moderne, on court comme un fou et le coeur lache.} 14. e4 {
Les Noirs ont le choix entre mettre leur paire de Fous a la Caisse d'Epargne
ou aider la Damet le Cavalier dans leur quete du pion f2. Mais cette derniere
action violente peut tourner au cauchemar si les Blancs recuperent la case e4,
ressuscitant le Fg2 et isolant le pion e5. D'autre part, la seule voie pour
etre publie danslebulletinest} 14... f5 {Meme les plus mediocres de nos
geometres percoivent la difficulte du Ch1 a se mouvoir. 15.h3 est refutee par
Cxf2 d'ou} 15. Rd2 {La tete du Cb1 quand, en plus, il a du rxpliquer a la Ta1
que sa soeur bloquait l'entree du garage de l'immeuble.} 15... fxe4 16. Qxe4
Bf5 17. Qe1 (17. Qd5+ {n'est pas terrible apres l'echange et Fe4.} 17... Qxd5
18. Rxd5 Be4) (17. Qxb7 {suivant les conceptions d'un des plus celevres
berlinois avec John Kennedy, Lasker obligeait les Noirs a plus de vigilance.}
17... Rab8 18. Qa6 Nxf2 19. Rxf2 Rxb2 20. Nbd2 {et ici les drogues de
l'epatage de galerie, j'en connais et j'en croise quelques fois en me brossant
les dents, auraient pu tenter l'horriblement brillant} 20... Rxd2 $2 21. Nxd2
Qxf2+ 22. Kxf2 Bc8+ 23. Ke3 Bxa6 24. Ne4 {et voila le cauchemar annonce a la
note du 14eme coup blanc, mais un joueur modeste , lucide et efficace, comme
ches lecteurs, se serait contente de 20...e4 suivi de e3. Bref, Renault n'a
pas voulu.}) 17... Rae8 {Le pion e5 a son motard.} 18. Nh4 e4 19. Nxf5 Rxf5 {
On ne peut blamer ceux qui auraient prefere 19...gxf5 mais j'aime les colonnes
ouvertes presqu'autant que le chocolat noir.} 20. Re2 (20. Bxe4 {
est interdit a cause de} 20... Rfe5 21. Re2 Rxe4) 20... Ref8 21. Nd2 {
arrive a temps pour l'enterrement.} 21... Nxf2 22. Re3 {
La maladresse des Tours sur les diagonales n'est plus a sitgmatiser.} 22... Ng4
23. Nf1 Rxf1+ {La triste existence de ce Cavalier symbolise le drame des
caisse de retraite: les jeunes travaillent tard et s'arretent tot par suite de
licenciements economiques.} 24. Bxf1 Nxe3 {Le Fou f1 ne survivra pas. C'est
une scene d'ultra violence adaptee de "vermeil mecanique".} 0-1

1-0